Problemas de geometría descriptiva / (Record no. 18727)

000 -CABECERA
fixed length control field 00674nam a22002057a 4500
003 - IDENTIFICADOR DEL NÚMERO DE CONTROL
control field AR-CdUCM
008 - DATOS DE LONGITUD FIJA--INFORMACIÓN GENERAL
fixed length control field 190515b ||||| |||| 00| 0 spa d
040 ## - FUENTE DE LA CATALOGACIÓN
Agencia/entidad que catalogó originalmente la obra MUNICIPALIDAD PROVINCIAL DEL CUSCO
Entidad que transcribió la catalogación BIBLIOTECA MUNICIPAL DEL CUSCO
082 ## - NÚMERO DE LA CLASIFICACIÓN DECIMAL DEWEY
No. de Clasificación 516 /
Notacion interna G74
100 ## - ENTRADA PRINCIPAL--NOMBRE DE PERSONA
Nombre Personal Gordon, V. O.
245 ## - MENCIÓN DE TÍTULO
Título Problemas de geometría descriptiva /
260 ## - PUBLICACIÓN, DISTRIBUCIÓN, ETC.
Lugar de publicación, distribución, etc. URSS :
Nombre de la editorial, distribuidor, etc. Mir Moscu,
Fecha de publicación, distribución, etc. 1974.
300 ## - DESCRIPCIÓN FÍSICA
Nº de Páginas Extensión 317 páginas ;
Dimensiones 22 cm.
505 ## - NOTA DE CONTENIDO CON FORMATO
Nota de contenido formateada Contenido : Punto y recta -- El plano -- Interacción de una recta con un plano y de dos planos ...
650 ## - PUNTO DE ACCESO ADICIONAL DE MATERIA--TÉRMINO DE MATERIA
Descriptor Punto
9 (RLIN) 39487
650 ## - PUNTO DE ACCESO ADICIONAL DE MATERIA--TÉRMINO DE MATERIA
Descriptor Plano
9 (RLIN) 13414
650 ## - PUNTO DE ACCESO ADICIONAL DE MATERIA--TÉRMINO DE MATERIA
Descriptor Recta
9 (RLIN) 39488
942 ## - ELEMENTOS DE PUNTO DE ACCESO ADICIONAL (KOHA)
Fuente de clasificación
Tipo de item Libros-BMC
945 ## - PROCESAMIENTO DE INFORMACIÓN LOCAL (OCLC)
Catalogador rah
AAAA-MM-DD - Fecha de ingreso o modificacion 2019/05/15
Holdings
Estado de retiro (separado) Fuente de clasificación o esquema de estanterías Estado dañado Ubicación Sala donde se ubica Nombre de la colección Fecha de adquisición o compra Costo, precio normal en soles Signatura topográfica Código de Barras Última vez visto (Koha) Tipo de ítem (Koha)
No     Sala Ciencias Sala Ciencias Book Cart 2019-05-15 40.00 516 / G74 SC0000001681 2019-05-15 Libros-BMC
No     Sala Ciencias Sala Ciencias Book Cart 2019-05-15 40.00 516 / G74 / e.2 SC0000001628 2019-05-16 Libros-BMC

Powered by Koha